Normal view
MARC view
- قراءة في ثلاثة أبعاد- أعلام الفن التشكيلي
Entry Topical Term
001 - CONTROL NUMBER
- control field: 7675
003 - CONTROL NUMBER IDENTIFIER
- control field: JO-AjAnu
005 - DATE AND TIME OF LATEST TRANSACTION
- control field: 20230606071536.0
008 - FIXED-LENGTH DATA ELEMENTS
- fixed length control field: 230606|| aca||aabn | a|a d
040 ## - CATALOGING SOURCE
- Original cataloging agency: JO-AjAnu
- Transcribing agency: JO-AjAnu
150 ## - HEADING--TOPICAL TERM
- Topical term or geographic name entry element: قراءة في ثلاثة أبعاد- أعلام الفن التشكيلي
670 ## - SOURCE DATA FOUND
- Source citation: Work cat.: (JO-AjAnu)3968: صفيّة ,خليل تأليف, author 7674, أدهم إسماعيل قراءة في ثلاثة أبعاد